01571nam a22003491 4500001001000000003001000010005001700020008004100037017005300078020001800131040004400149041001300193080001000206082002200216100003800238240004300276245005900319250002400378264005600402264001100458300002700469336002700496337003300523338002800556500006800584504004100652505036400693534007401057563001501131650002901146650004601175768714001CO-MdFUSB20180615125402.0900725s20051989miu spa  aB 35127-1973bOficina Depósito Legal Barcelona a9781558831360 aSpMaBNbspacCO-MdFUSBdCO-MdFUSBCerda aspaheng 0a22.06 222a220.601bB5121 aBerkhof, Louis,d1873-1957eautor aPrinciples of Biblical interpretation.10aPrincipios de interpretación bíblicac/ L. Berkhof a[Segunda edición] 1aGrand Rapids, Michigan :bLibros Desafío,c[2005] 4c©2005 a192 páginas ;c19 cm 2rdacontentatextobtxt 2rdamediaasin mediaciónbn 2rdacarrieravolumenbnc aPrimera edición en español por TELL: 1989. [Contraportada]. aIncluye referencias bibliográficas tIntroducción. --tHistoria de los principios hermenéuticos entre los judíos. --tHistoria de los principios hermenéuticos en la iglesia cristiana. --tEl objeto de la hermenéutica Sacra es proporcionar un concepto adecuado de la Biblia. --tLa interpretación gramatical. --tLa interpretación histórica. --tLa interpretación teológica. -- cPrinciples of Biblical interpretationpTítulo original en inglés: aRústico. 7aHermenéutica bíblica 7aBibliaxCrítica, interpretación, etc.